Calidad de la inserción internacional de productos agropecuarios de Centroamérica

Salvato in:
Dettagli Bibliografici
Ente Autore: CEPAL
Natura: testo
Pubblicazione: México D.F.: ONU
Tags: Aggiungi Tag
Nessun Tag, puoi essere il primo ad aggiungerne!!

MARC

LEADER 00000 a a2200000 04500
001 22529
003
040
090 |a 153400  
110 |a CEPAL  
245 |a Calidad de la inserción internacional de productos agropecuarios de Centroamérica  
260 |a México D.F.:   |b ONU  
300 |a 35 p.   |b **no definido**   |b fonodiscos  
999 |c 12888  |d 12888